| 000 | 01359nam0a22002891 4500 | ||
|---|---|---|---|
| 001 | rc\3199396 | ||
| 005 | 20250530101344.0 | ||
| 021 |
_aRU _b[76-61616ж] |
||
| 035 | _a(NLR Aleph) 007354223 | ||
| 090 |
_a6240803 _c6240803 |
||
| 100 | _a20120628d1976 |||y0rusy50 ca | ||
| 101 | 0 | _arus | |
| 102 | _aRU | ||
| 105 | _aab z ||||| | ||
| 200 | 1 |
_aМинерагения гипербазитов дунит-гарцбургитовой формации _eНеметалл. полезные ископаемые _e[Сборник статей _fНауч. ред. Р.В. Колбанцев] |
|
| 210 |
_aЛенинград _cВСЕГЕИ _d1976 |
||
| 215 |
_a132 с., 2 л. табл. _cил., карт. _d21 |
||
| 225 | 1 |
_aВсесоюзный научно-исследовательский геологический институт. Труды _iНовая серия _vТ. 201 |
|
| 320 | _aСписки лит. в конце статей | ||
| 606 |
_aГипербазитовые интрузии _xМинералогический состав _jСборники _2psbo |
||
| 606 |
_aНеметаллические полезные ископаемые _xМесторождения _yСССР _2psbo |
||
| 702 | 1 |
_aКолбанцев _bР.В. _4340 |
|
| 801 | 0 |
_aRU _bNLR _gpsbo |
|
| 801 | 1 |
_aRU _bELAR _2rusmarc |
|
| 852 |
_aNLR _jП7/443 |
||
| 942 | _cBOOK | ||
| 980 | _aNB | ||